MARC

LEADER 00000nam0a2200000 4500
001 93738
005 20231031105335.0
010 |a 5801602739 
035 |a (RuTPU)RU\TPU\book\100351 
090 |a 93738 
100 |a 20060331d2006 km y0rusy50 ca 
101 0 |a rus 
102 |a RU 
105 |a a z 001zy 
200 1 |a Критический анализ учения о сопротивлении материалов  |f В. К. Федюкин 
210 |a СПб.  |c Изд-во Михайлова В. А.  |d 2006 
215 |a 252 с.  |c ил. 
225 1 |a Научная сенсация 
320 |a Библиогр.: с. 207-214. 
610 1 |a сопротивление материалов 
610 1 |a критический анализ 
610 1 |a твердые тела 
610 1 |a прочность 
610 1 |a статические нагрузки 
610 1 |a растяжение 
610 1 |a металлы 
610 1 |a усталостная прочность 
610 1 |a детали машин 
610 1 |a механические свойства 
610 1 |a тензометрия 
610 1 |a расчеты на прочность 
675 |a 539.3/.6  |v 3 
700 1 |a Федюкин  |b В. К.  |g Вениамин Константинович 
801 1 |a RU  |b 63413507  |c 20060331  |g PSBO 
801 2 |a RU  |b 63413507  |c 20131210  |g PSBO 
942 |c BK